000 00655nam a2200241 i 4500
001 C2-0076988
003 PPAK
005 20180727082423.0
008 970429s1981 enka|||| ||||| | eng d
020 _a058239032X
040 _aPPAK
_beng
_cPPAK
_erda
082 0 4 _a951.050924
_223
090 0 0 _a951.050924
_bKOL
_dG
100 1 _aKolpas, Norman,
_eauthor
245 1 0 _aMoo Tse- Tung
264 1 _aLondon :
_bLongman ,
_c1981
300 _a69 pages :
_billustrations ;
_c20 cm
336 _2rdacontent
_atext
337 _2rdamedia
_aunmediated
338 _2rdacarrier
_avolume
650 1 0 _aMao Tse - Tung - Juvenile literature
942 _ddc
_cB
999 _c12210
_d12210